International Economics (Record no. 2380)

MARC details
000 -LEADER
fixed length control field 00416nam a2200181Ia 4500
003 - CONTROL NUMBER IDENTIFIER
control field OSt
005 - DATE AND TIME OF LATEST TRANSACTION
control field 20240429090259.0
008 - FIXED-LENGTH DATA ELEMENTS--GENERAL INFORMATION
fixed length control field 230312s9999||||xx |||||||||||||| ||und||
040 ## - CATALOGING SOURCE
Language of cataloging English
082 ## - DEWEY DECIMAL CLASSIFICATION NUMBER
Classification number 337.09
Item number KRE
100 ## - MAIN ENTRY--PERSONAL NAME
Personal name Kreinin, Mordechani, E
245 #0 - TITLE STATEMENT
Title International Economics
260 ## - PUBLICATION, DISTRIBUTION, ETC.
Name of publisher, distributor, etc. HBJ
Place of publication, distribution, etc. London
Date of publication, distribution, etc. 1987
300 ## - PHYSICAL DESCRIPTION
Extent 465
546 ## - LANGUAGE NOTE
Language note Eng.
650 ## - SUBJECT ADDED ENTRY--TOPICAL TERM
Topical term or geographic name entry element Economics
Form subdivision Tarrifs
942 ## - ADDED ENTRY ELEMENTS (KOHA)
Koha item type BOOK
Source of classification or shelving scheme Dewey Decimal Classification

No items available.

Powered by Koha